Statystyki dla 10 najdłuższych rzek w Ameryce Północnej

Kliknij tutaj aby rozwiązać quiz!

Ogólne statystyki

  • Ten quiz został rozwiązany 77 razy
  • Średni wynik to 5 z 10

Statystyki odpowiedzi

Długość rzeki w kmOdpowiedź% Poprawnych
3766Missisipi
98%
3767Missouri
88%
3051Rio Grande
71%
2330Kolorado
69%
3185Jukon
63%
4241Mackenzie
61%
1953Kolumbia
31%
2334Arkansas
24%
1920Peace
6%
2080Red River
4%

Rozkład punktacji

Percentyl według liczby udzielonych odpowiedzi

Procent ludzi z każdym wynikiem

Twoja historia wyników

Nie rozwiązałeś tego quizu